Formula One: Highest Percentage of Team Points - Statistics

General Stats
  • This quiz has been taken 246 times
    21 since last reset
  • The average score is 47 of 69
Answer Stats
Season Percentage Driver Nationality Team % Correct
1985 84.4 Alain Prost France McLaren
100%
2023 96.4 Alexander Albon Thailand Williams
100%
1987 89.1 Ayrton Senna Brazil Lotus
100%
1986 94.8 Ayrton Senna Brazil Lotus
100%
2020 74.8 Charles Leclerc Monaco Ferrari
100%
2024 74.5 Fernando Alonso Spain Aston Martin
100%
2012 69.5 Fernando Alonso Spain Ferrari
100%
2016 87.5 Kevin Magnussen Denmark Renault
100%
2019 75.4 Kimi Räikkönen Finland Alfa Romeo
100%
2025 93.6 Max Verstappen Netherlands Red Bull
100%
1994 89.3 Michael Schumacher Germany Benetton
100%
2021 77.5 Pierre Gasly France AlphaTauri
100%
2018 87.9 Pierre Gasly France Toro Rosso
100%
2010 83.4 Robert Kubica Poland Renault
100%
2017 90.1 Carlos Sainz Spain Toro Rosso
94%
2022 89.1 Valtteri Bottas Finland Alfa Romeo
94%
2003 94.4 Mark Webber Australia Jaguar
88%
1988 95.7 Nelson Piquet Brazil Lotus
88%
1980 98.2 Nelson Piquet Brazil Brabham
88%
2014 80.0 Romain Grosjean France Lotus
88%
2011 80.0 Rubens Barrichello Brazil Williams
88%
2008 89.7 Sebastian Vettel Germany Toro Rosso
88%
2007 62.5 Sebastian Vettel Germany Toro Rosso
88%
2006 87.5 David Coulthard United Kingdom Red Bull
82%
1998 90.0 Jean Alesi France Sauber
82%
1992 85.7 Jean Alesi France Ferrari
82%
2005 97.4 Jenson Button United Kingdom BAR
82%
2004 71.4 Jenson Button United Kingdom BAR
82%
2013 89.4 Nico Hülkenberg Germany Sauber
82%
2002 77.8 Giancarlo Fisichella Italy Jordan
76%
2001 80.0 Giancarlo Fisichella Italy Benetton
76%
2000 90.0 Giancarlo Fisichella Italy Benetton
76%
1967 73.2 Graham Hill United Kingdom Lotus
76%
1962 83.9 Graham Hill United Kingdom BRM
76%
1960 50.0 Graham Hill United Kingdom BRM
76%
1976 76.4 James Hunt United Kingdom McLaren
76%
1958 77.8 Juan Manuel Fangio Argentina Maserati
76%
1973 72.7 Carlos Reutemann Argentina Brabham
65%
1972 80.0 Ronnie Peterson Sweden March
65%
1964 81.3 Bruce McLaren New Zealand Cooper
59%
1966 76.2 Jim Clark United Kingdom Lotus
59%
1963 93.6 Jim Clark United Kingdom Lotus
59%
1979 65.4 René Arnoux France Renault
59%
1984 81.3 Thierry Boutsen Belgium Arrows
59%
1977 91.7 Alan Jones Australia Shadow
53%
1982 76.7 Elio de Angelis Italy Lotus
53%
1999 88.5 Heinz-Harald Frentzen Germany Jordan
53%
1995 83.3 Heinz-Harald Frentzen Germany Sauber
53%
1996 86.7 Olivier Panis France Ligier
53%
1970 92.0 Pedro Rodríguez Mexico BRM
53%
2009 75.0 Sébastien Buemi Switzerland Toro Rosso
53%
1997 93.8 Johnny Herbert United Kingdom Sauber
47%
1993 91.7 Johnny Herbert United Kingdom Lotus
47%
1969 85.7 John Surtees United Kingdom BRM
47%
1968 85.7 John Surtees United Kingdom Honda
47%
1971 90.0 Chris Amon New Zealand Matra
41%
1961 87.5 Dan Gurney United States Porsche
41%
2015 75.0 Felipe Nasr Brazil Sauber
41%
1960 50.0 Joakim Bonnier Sweden BRM
41%
1959 46.5 Joakim Bonnier Sweden BRM
41%
1981 96.4 John Watson United Kingdom McLaren
41%
1965 84.6 Richie Ginther United States Honda
35%
1990 85.7 Ivan Capelli Italy Leyton House
29%
1978 82.9 Patrick Depailler France Tyrrell
29%
1974 85.7 Jean-Pierre Jarier France Shadow
24%
1983 90.0 Derek Warwick United Kingdom Toleman
18%
1991 83.3 Stefano Modena Italy Tyrrell
18%
1989 83.3 Pierluigi Martini Italy Minardi
12%
1975 84.2 Tom Pryce United Kingdom Shadow
12%
No matching quizzes found
Score Distribution
Percent of People with Each Score
Percentile by Number Answered
Your Score History
You have not taken this quiz since the last reset